<?xml version="1.0" encoding="UTF-8"?>
<record
    xmlns:xsi="http://www.w3.org/2001/XMLSchema-instance"
    xsi:schemaLocation="http://www.loc.gov/MARC21/slim http://www.loc.gov/standards/marcxml/schema/MARC21slim.xsd"
    xmlns="http://www.loc.gov/MARC21/slim">

  <leader>03438nam a22003857a 4500</leader>
  <controlfield tag="005">20101018110611.0</controlfield>
  <datafield tag="010" ind1=" " ind2=" ">
    <subfield code="a">B-417728-741</subfield>
  </datafield>
  <datafield tag="020" ind1=" " ind2=" ">
    <subfield code="a">9788131512425</subfield>
    <subfield code="c">375.00</subfield>
  </datafield>
  <datafield tag="035" ind1=" " ind2=" ">
    <subfield code="a">B-417728-741</subfield>
  </datafield>
  <datafield tag="037" ind1=" " ind2=" ">
    <subfield code="b">Asian Book Centre </subfield>
  </datafield>
  <datafield tag="082" ind1=" " ind2=" ">
    <subfield code="a">658.1</subfield>
  </datafield>
  <datafield tag="100" ind1=" " ind2=" ">
    <subfield code="a">Moorhead, Gregory </subfield>
    <subfield code="9">23612</subfield>
  </datafield>
  <datafield tag="245" ind1=" " ind2=" ">
    <subfield code="a">Introduction to organizational  behavior /</subfield>
    <subfield code="c">by Gregory Moorhead [and] Ricky W. Griffin </subfield>
  </datafield>
  <datafield tag="260" ind1=" " ind2=" ">
    <subfield code="a">New Delhi </subfield>
    <subfield code="b">Cengage Learning India </subfield>
    <subfield code="c">2010(repr.). </subfield>
  </datafield>
  <datafield tag="270" ind1=" " ind2=" ">
    <subfield code="a">418, F.OI.E. Patparganj</subfield>
    <subfield code="b">New Delhi </subfield>
    <subfield code="e">110092</subfield>
  </datafield>
  <datafield tag="300" ind1=" " ind2=" ">
    <subfield code="a">475p. </subfield>
    <subfield code="c">24cm(pbk) </subfield>
  </datafield>
  <datafield tag="500" ind1=" " ind2=" ">
    <subfield code="a">Includes index </subfield>
  </datafield>
  <datafield tag="700" ind1=" " ind2=" ">
    <subfield code="a">Griffin, Ricky W.</subfield>
    <subfield code="9">23613</subfield>
  </datafield>
  <datafield tag="942" ind1=" " ind2=" ">
    <subfield code="2">ddc</subfield>
    <subfield code="c">EN</subfield>
    <subfield code="m">MOO</subfield>
    <subfield code="h">658.1</subfield>
  </datafield>
  <datafield tag="999" ind1=" " ind2=" ">
    <subfield code="c">35785</subfield>
    <subfield code="d">35785</subfield>
  </datafield>
  <datafield tag="952" ind1=" " ind2=" ">
    <subfield code="0">0</subfield>
    <subfield code="1">0</subfield>
    <subfield code="4">0</subfield>
    <subfield code="7">0</subfield>
    <subfield code="8">NFIC</subfield>
    <subfield code="a">L</subfield>
    <subfield code="b">L</subfield>
    <subfield code="d">2010-10-18</subfield>
    <subfield code="e">Asian Book Centre/2697/20.7.10/23/1.7.10/27.7.10</subfield>
    <subfield code="g">375.00</subfield>
    <subfield code="l">1</subfield>
    <subfield code="o">658.1 MOO</subfield>
    <subfield code="p">B-417728</subfield>
    <subfield code="r">2019-05-15 00:00:00</subfield>
    <subfield code="s">2019-05-01</subfield>
    <subfield code="t">1</subfield>
    <subfield code="v">375.00</subfield>
    <subfield code="w">2010-10-18</subfield>
    <subfield code="y">EN</subfield>
  </datafield>
  <datafield tag="952" ind1=" " ind2=" ">
    <subfield code="0">0</subfield>
    <subfield code="1">0</subfield>
    <subfield code="4">0</subfield>
    <subfield code="7">0</subfield>
    <subfield code="8">NFIC</subfield>
    <subfield code="a">M</subfield>
    <subfield code="b">M</subfield>
    <subfield code="d">2010-10-18</subfield>
    <subfield code="e">Asian Book Centre/2697/20.7.10/23/1.7.10/27.7.10</subfield>
    <subfield code="g">375.00</subfield>
    <subfield code="l">0</subfield>
    <subfield code="o">658.1 MOO</subfield>
    <subfield code="p">B-417729</subfield>
    <subfield code="r">2010-10-18 00:00:00</subfield>
    <subfield code="t">4</subfield>
    <subfield code="v">375.00</subfield>
    <subfield code="w">2010-10-18</subfield>
    <subfield code="y">EN</subfield>
  </datafield>
  <datafield tag="952" ind1=" " ind2=" ">
    <subfield code="0">0</subfield>
    <subfield code="1">0</subfield>
    <subfield code="4">0</subfield>
    <subfield code="7">0</subfield>
    <subfield code="8">NFIC</subfield>
    <subfield code="a">M</subfield>
    <subfield code="b">M</subfield>
    <subfield code="d">2010-10-18</subfield>
    <subfield code="e">Asian Book Centre/2697/20.7.10/23/1.7.10/27.7.10</subfield>
    <subfield code="g">375.00</subfield>
    <subfield code="l">0</subfield>
    <subfield code="o">658.1 MOO</subfield>
    <subfield code="p">B-417730</subfield>
    <subfield code="r">2010-10-18 00:00:00</subfield>
    <subfield code="t">4</subfield>
    <subfield code="v">375.00</subfield>
    <subfield code="w">2010-10-18</subfield>
    <subfield code="y">EN</subfield>
  </datafield>
  <datafield tag="952" ind1=" " ind2=" ">
    <subfield code="0">0</subfield>
    <subfield code="1">0</subfield>
    <subfield code="4">0</subfield>
    <subfield code="7">0</subfield>
    <subfield code="8">NFIC</subfield>
    <subfield code="a">M</subfield>
    <subfield code="b">M</subfield>
    <subfield code="d">2010-10-18</subfield>
    <subfield code="e">Asian Book Centre/2697/20.7.10/23/1.7.10/27.7.10</subfield>
    <subfield code="g">375.00</subfield>
    <subfield code="l">0</subfield>
    <subfield code="o">658.1 MOO</subfield>
    <subfield code="p">B-417731</subfield>
    <subfield code="r">2010-10-18 00:00:00</subfield>
    <subfield code="t">4</subfield>
    <subfield code="v">375.00</subfield>
    <subfield code="w">2010-10-18</subfield>
    <subfield code="y">EN</subfield>
  </datafield>
  <datafield tag="952" ind1=" " ind2=" ">
    <subfield code="0">0</subfield>
    <subfield code="1">0</subfield>
    <subfield code="4">0</subfield>
    <subfield code="7">0</subfield>
    <subfield code="8">NFIC</subfield>
    <subfield code="a">M</subfield>
    <subfield code="b">M</subfield>
    <subfield code="d">2010-10-18</subfield>
    <subfield code="e">Asian Book Centre/2697/20.7.10/23/1.7.10/27.7.10</subfield>
    <subfield code="g">375.00</subfield>
    <subfield code="l">0</subfield>
    <subfield code="o">658.1 MOO</subfield>
    <subfield code="p">B-417732</subfield>
    <subfield code="r">2010-10-18 00:00:00</subfield>
    <subfield code="t">4</subfield>
    <subfield code="v">375.00</subfield>
    <subfield code="w">2010-10-18</subfield>
    <subfield code="y">EN</subfield>
  </datafield>
  <datafield tag="952" ind1=" " ind2=" ">
    <subfield code="0">0</subfield>
    <subfield code="1">0</subfield>
    <subfield code="4">0</subfield>
    <subfield code="7">0</subfield>
    <subfield code="8">NFIC</subfield>
    <subfield code="a">NPL</subfield>
    <subfield code="b">NPL</subfield>
    <subfield code="d">2010-10-19</subfield>
    <subfield code="e">Asian Book Centre/2697/20.7.10/23/1.7.10/27.7.10</subfield>
    <subfield code="g">375.00</subfield>
    <subfield code="l">0</subfield>
    <subfield code="o">658.1 MOO</subfield>
    <subfield code="p">B-417733</subfield>
    <subfield code="r">2010-10-19 00:00:00</subfield>
    <subfield code="t">1</subfield>
    <subfield code="v">375.00</subfield>
    <subfield code="w">2010-10-19</subfield>
    <subfield code="y">EN</subfield>
  </datafield>
  <datafield tag="952" ind1=" " ind2=" ">
    <subfield code="0">0</subfield>
    <subfield code="1">0</subfield>
    <subfield code="4">0</subfield>
    <subfield code="7">0</subfield>
    <subfield code="8">NFIC</subfield>
    <subfield code="a">BL1</subfield>
    <subfield code="b">BL1</subfield>
    <subfield code="d">2010-10-19</subfield>
    <subfield code="e">Asian Book Centre/2697/20.7.10/23/1.7.10/27.7.10</subfield>
    <subfield code="g">375.00</subfield>
    <subfield code="l">0</subfield>
    <subfield code="o">658.1 MOO</subfield>
    <subfield code="p">B-417734</subfield>
    <subfield code="r">2010-10-19 00:00:00</subfield>
    <subfield code="t">1</subfield>
    <subfield code="v">375.00</subfield>
    <subfield code="w">2010-10-19</subfield>
    <subfield code="y">EN</subfield>
  </datafield>
  <datafield tag="952" ind1=" " ind2=" ">
    <subfield code="0">0</subfield>
    <subfield code="1">0</subfield>
    <subfield code="4">0</subfield>
    <subfield code="7">0</subfield>
    <subfield code="8">NFIC</subfield>
    <subfield code="a">JP</subfield>
    <subfield code="b">JP</subfield>
    <subfield code="d">2010-10-19</subfield>
    <subfield code="e">Asian Book Centre/2697/20.7.10/23/1.7.10/27.7.10</subfield>
    <subfield code="g">375.00</subfield>
    <subfield code="l">12</subfield>
    <subfield code="m">5</subfield>
    <subfield code="o">658.1 MOO</subfield>
    <subfield code="p">B-417735</subfield>
    <subfield code="r">2024-07-13 00:00:00</subfield>
    <subfield code="s">2024-06-01</subfield>
    <subfield code="t">2</subfield>
    <subfield code="v">375.00</subfield>
    <subfield code="w">2010-10-19</subfield>
    <subfield code="y">EN</subfield>
  </datafield>
  <datafield tag="952" ind1=" " ind2=" ">
    <subfield code="0">0</subfield>
    <subfield code="1">0</subfield>
    <subfield code="4">0</subfield>
    <subfield code="7">0</subfield>
    <subfield code="8">NFIC</subfield>
    <subfield code="a">JP</subfield>
    <subfield code="b">JP</subfield>
    <subfield code="d">2010-10-19</subfield>
    <subfield code="e">Asian Book Centre/2697/20.7.10/23/1.7.10/27.7.10</subfield>
    <subfield code="g">375.00</subfield>
    <subfield code="l">8</subfield>
    <subfield code="m">1</subfield>
    <subfield code="o">658.1 MOO</subfield>
    <subfield code="p">B-417736</subfield>
    <subfield code="r">2019-07-23 00:00:00</subfield>
    <subfield code="s">2019-07-09</subfield>
    <subfield code="t">2</subfield>
    <subfield code="v">375.00</subfield>
    <subfield code="w">2010-10-19</subfield>
    <subfield code="y">EN</subfield>
  </datafield>
  <datafield tag="952" ind1=" " ind2=" ">
    <subfield code="0">0</subfield>
    <subfield code="1">0</subfield>
    <subfield code="4">0</subfield>
    <subfield code="7">0</subfield>
    <subfield code="8">NFIC</subfield>
    <subfield code="a">ZLS</subfield>
    <subfield code="b">ZLS</subfield>
    <subfield code="d">2010-10-19</subfield>
    <subfield code="e">Asian Book Centre/2697/20.7.10/23/1.7.10/27.7.10</subfield>
    <subfield code="g">375.00</subfield>
    <subfield code="l">3</subfield>
    <subfield code="m">4</subfield>
    <subfield code="o">658.1 MOO</subfield>
    <subfield code="p">B-417737</subfield>
    <subfield code="r">2022-04-22 00:00:00</subfield>
    <subfield code="s">2022-04-05</subfield>
    <subfield code="t">1</subfield>
    <subfield code="v">375.00</subfield>
    <subfield code="w">2010-10-19</subfield>
    <subfield code="y">EN</subfield>
  </datafield>
  <datafield tag="952" ind1=" " ind2=" ">
    <subfield code="0">0</subfield>
    <subfield code="1">0</subfield>
    <subfield code="4">0</subfield>
    <subfield code="7">0</subfield>
    <subfield code="8">NFIC</subfield>
    <subfield code="a">RKP</subfield>
    <subfield code="b">RKP</subfield>
    <subfield code="d">2010-10-19</subfield>
    <subfield code="e">Asian Book Centre/2697/20.7.10/23/1.7.10/27.7.10</subfield>
    <subfield code="g">375.00</subfield>
    <subfield code="l">0</subfield>
    <subfield code="o">658.1 MOO</subfield>
    <subfield code="p">B-417738</subfield>
    <subfield code="r">2010-10-19 00:00:00</subfield>
    <subfield code="t">1</subfield>
    <subfield code="v">375.00</subfield>
    <subfield code="w">2010-10-19</subfield>
    <subfield code="y">EN</subfield>
  </datafield>
  <datafield tag="952" ind1=" " ind2=" ">
    <subfield code="0">0</subfield>
    <subfield code="1">0</subfield>
    <subfield code="4">0</subfield>
    <subfield code="7">0</subfield>
    <subfield code="8">NFIC</subfield>
    <subfield code="a">VP</subfield>
    <subfield code="b">VP</subfield>
    <subfield code="d">2010-10-19</subfield>
    <subfield code="e">Asian Book Centre/2697/20.7.10/23/1.7.10/27.7.10</subfield>
    <subfield code="g">375.00</subfield>
    <subfield code="l">3</subfield>
    <subfield code="o">658.1 MOO</subfield>
    <subfield code="p">B-417739</subfield>
    <subfield code="r">2017-09-26 00:00:00</subfield>
    <subfield code="s">2017-09-12</subfield>
    <subfield code="t">1</subfield>
    <subfield code="v">375.00</subfield>
    <subfield code="w">2010-10-19</subfield>
    <subfield code="y">EN</subfield>
  </datafield>
  <datafield tag="952" ind1=" " ind2=" ">
    <subfield code="0">0</subfield>
    <subfield code="1">0</subfield>
    <subfield code="4">0</subfield>
    <subfield code="7">0</subfield>
    <subfield code="8">NFIC</subfield>
    <subfield code="a">BN</subfield>
    <subfield code="b">BN</subfield>
    <subfield code="d">2010-10-19</subfield>
    <subfield code="e">Asian Book Centre/2697/20.7.10/23/1.7.10/27.7.10</subfield>
    <subfield code="g">375.00</subfield>
    <subfield code="l">1</subfield>
    <subfield code="o">658.1 MOO</subfield>
    <subfield code="p">B-417740</subfield>
    <subfield code="r">2023-12-07 00:00:00</subfield>
    <subfield code="s">2023-12-07</subfield>
    <subfield code="t">1</subfield>
    <subfield code="v">375.00</subfield>
    <subfield code="w">2010-10-19</subfield>
    <subfield code="y">EN</subfield>
  </datafield>
  <datafield tag="952" ind1=" " ind2=" ">
    <subfield code="0">0</subfield>
    <subfield code="1">0</subfield>
    <subfield code="4">0</subfield>
    <subfield code="7">0</subfield>
    <subfield code="8">NFIC</subfield>
    <subfield code="a">BL4</subfield>
    <subfield code="b">BL4</subfield>
    <subfield code="d">2010-10-19</subfield>
    <subfield code="e">Asian Book Centre/2697/20.7.10/23/1.7.10/27.7.10</subfield>
    <subfield code="g">375.00</subfield>
    <subfield code="l">2</subfield>
    <subfield code="m">1</subfield>
    <subfield code="o">658.1 MOO</subfield>
    <subfield code="p">B-417741</subfield>
    <subfield code="q">2020-03-18</subfield>
    <subfield code="r">2020-02-16 00:00:00</subfield>
    <subfield code="s">2020-02-16</subfield>
    <subfield code="t">1</subfield>
    <subfield code="v">375.00</subfield>
    <subfield code="w">2010-10-19</subfield>
    <subfield code="y">EN</subfield>
  </datafield>
</record>
